| 000 | 02141nam a22001577a 4500 | ||
|---|---|---|---|
| 082 | _a610 | ||
| 100 |
_aBatool, Humaira _9127470 |
||
| 245 |
_aEnvironmentally friendly and cost-effective generation of Graphene-based silver nanohybrids (rGO/AgNPs) for DNA binding applications / _cHumaira Batool |
||
| 264 |
_aIslamabad : _bSMME- NUST; _c2024. |
||
| 300 |
_a88p. _bSoft Copy _c30cm |
||
| 500 | _aBecause of their potential in drug delivery, imaging, biosensing, and diverse structural features, graphene-based nanomaterials have emerged as a prominent area of nanotechnology study, especially for biomedical applications. For producing these nanomaterials, the green reduction approach is the most promising as it is a cost-effective and environment-friendly approach that uses natural extracts and reduces toxic gas production compared to traditional methods. For this study, we have used the same green reduction method using Cinnamaldehyde and Eugenol to create reduced graphene oxide/ silver nanoparticles nanohybrids. The synthesized nanohybrids were characterized by using UV-Vis Spectroscopy, Fourier Transform Infrared spectroscopy, scanning electron microscopy, X-ray diffraction, Zeta-potential analysis, atomic force microscopy which confirmed the formation and stability of the well dispersed AgNPs on rGO surface. The double-stranded and single-stranded binding activity of these nanohybrids was evaluated using spectroscopy analysis which showed a shift in the absorption wavelength indicating strong interaction with DNA. Additionally, physiochemical testing assessed the stability and life span, supporting these nanohybrids’ potential for long-term biomedical applications. These findings highlight the suitability of these nanohybrids for sustainable biomedical applications, particularly for DNA binding. With further implications, these can be utilized in emerging drug delivery, biosensing, and diagnostic sectors. | ||
| 650 | _aMS Biomedical Sciences (BMS) | ||
| 700 |
_aSupervisor : Dr. Aneeqa Noor _9119519 |
||
| 856 | _uhttp://10.250.8.41:8080/xmlui/handle/123456789/48613 | ||
| 942 |
_2ddc _cTHE |
||
| 999 |
_c612589 _d612589 |
||